01056cam a2200289 45000010008000000030009000080050017000170080041000340200018000750200015000930400038001080820021001461000050001672450047002172640048002643000023003123360026003353370028003613380027003896500058004166510010004746530026004846550024005109420012005349990017005469520203005634186042EG-ScBUE20220118122615.0710211s2003 enk f 000 1 eng d a9780007154920 a0007154925 aDLCbaraerdacDLCdDLCdEG-ScBUE04a823.912222bCHR1 aChristie, Agatha,d1890-1976,eauthor.94045210aPassenger to Frankfurt /cAgatha Christie. 1aLondon :bHarper Collins Publishers,c2003. a363 pages ;c21 cm 2rdacontentatextbtxt 2rdamediaaunmediatedbn 2rdacarrieravolumebnc 7aDetective and mystery stories, English.2BUEsh934224 2BUEsh bHHUUEENNcJanuary2021 vReading book934232 2ddccBB c10400d10400 00102ddc40708AlahramaMAINbMAINcGroup Study Roomsd2009-01-25epurchaseg72.50h6451l9m60o823.912 CHRp000015147r2025-07-15 00:00:00s2022-02-22w2009-01-25yBBzRoom (E) - Agatha Christie